Management theory and practice made simple

Bibliographic Details
Main Author: Dixon, Rob
Format: Book
Published: Oxford : Made Simple , 1991
Subjects:

MARC

LEADER 00000cam a2200000 7i4500
001 0000001037
002 000001147
005 20000330.0
020 |a 075060137X 
090 0 0 |a 658.001   |b DIX 
100 1 |a Dixon, Rob 
245 1 0 |a Management theory and practice made simple   |c Rob Dixon 
260 |a Oxford :   |b Made Simple ,   |c 1991 
300 |a 173p. ;   |c 23cm. 
650 0 0 |a Management 
999 |a 030194   |b BUKU   |c PINJAMAN   |e PERPUSTAKAAN KOMUNITI PETALING JAYA 
999 |a 042922   |b BUKU   |c PINJAMAN   |e PERPUSTAKAAN KOMUNITI PETALING JAYA